LEADER 01130nam a22002775i 4500 001 991002232479707536 007 cr nn 008mamaa 008 121227s1989 gw | s |||| 0|eng d 020 $a9783540468103 035 $ab14141863-39ule_inst 040 $aBibl. Dip.le Aggr. Matematica e Fisica - Sez. Matematica$beng 082 04$a330.1$223 084 $aAMS 90C27 245 00$aCombinatorial optimization$h[e-book] :$blectures given at the 3rd session of the Centro Internazionale Matematico Estivo (C.I.M.E.) held at Como, Italy, august 25-september 2, 1986 /$cedited by Bruno Simeone 260 $aBerlin :$bSpringer,$c1989 300 $a1 online resource (v, 316 p.) 440 0$aLecture notes in mathematics,$x0075-8434 ;$v1403 650 0$aEconomics 700 1 $aSimeone, Bruno 773 0 $aSpringer eBooks 856 40$uhttp://dx.doi.org/10.1007/BFb0083460$zAn electronic book accessible through the World Wide Web 907 $a.b14141863$b03-03-22$c05-09-13 912 $a991002232479707536 996 $aCombinatorial optimization$9262324 997 $aUNISALENTO 998 $ale013$b05-09-13$cm$d@ $e-$feng$ggw $h0$i0 LEADER 02877nam 22006491 450 001 9910790884003321 005 20210514235217.0 010 $a1-306-09181-0 010 $a3-11-030867-3 024 7 $a10.1515/9783110308679 035 $a(CKB)2550000001157386 035 $a(EBL)1498689 035 $a(OCoLC)862049402 035 $a(SSID)ssj0001122217 035 $a(PQKBManifestationID)11675038 035 $a(PQKBTitleCode)TC0001122217 035 $a(PQKBWorkID)11068791 035 $a(PQKB)10136521 035 $a(MiAaPQ)EBC1498689 035 $a(DE-B1597)207333 035 $a(OCoLC)979753758 035 $a(DE-B1597)9783110308679 035 $a(Au-PeEL)EBL1498689 035 $a(CaPaEBR)ebr10811315 035 $a(CaONFJC)MIL540432 035 $a(PPN)175261385 035 $a(EXLCZ)992550000001157386 100 $a20130927h20132013 uy 0 101 0 $aeng 135 $aurun#---|u||u 181 $ctxt 182 $cc 183 $acr 200 12$aA grammar of Nuosu /$fMatthias Gerner 210 1$aBerlin :$cDe Gruyter Mouton,$d[2013] 210 4$dİ2013 215 $a1 online resource (577 p.) 225 0 $aMouton Grammar Library [MGL] ;$v64 225 0$aMouton grammar library,$x0933-7636 ;$v64 300 $aDescription based upon print version of record. 311 $a3-11-030863-0 320 $aIncludes bibliographical references (pages [517]-524) and index. 327 $tFront matter --$tAcknowledgment --$tPreface --$tTable of Contents --$tList of Tables --$tAbbreviations --$tChapter 1. The people and their environment --$tChapter 2. Language background --$tChapter 3. Phonology --$tChapter 4. Word structure --$tChapter 5. The noun phrase --$tChapter 6. The verb phrase --$tChapter 7. Tense and aspect --$tChapter 8. Modality and evidentiality --$tChapter 9. Adverbs and negation --$tChapter 10. Subject and object --$tChapter 11. Valency changing constructions --$tChapter 12. Versatile constructions --$tChapter 13. Complex sentences --$tChapter 14. Topic and focus --$tChapter 15. Speech act particles --$tReferences --$tAppendix: Folk Stories --$tName Index 330 $aThis is the first modern grammar of Nuosu written in English. Nuosu belongs to a little known section of Tibeto-Burman. The 2.5 Million ethnic Nuosu are part of the Yi nationality and live in Sichuan (China). This grammar informs Tibeto-Burman linguists, typologists, scholars of language contact and foreign learners of Nuosu. 410 0$aMouton grammar library ;$v64. 606 $aYi language$xGrammar 607 $aChina$xLanguages 615 0$aYi language$xGrammar. 676 $a495.4 700 $aGerner$b Matthias$01464964 801 0$bMiAaPQ 801 1$bMiAaPQ 801 2$bMiAaPQ 906 $aBOOK 912 $a9910790884003321 996 $aA grammar of Nuosu$93674784 997 $aUNINA